00403nam a2200181Ia 4500008004100000020001800041050001400059100001900073245001300092245002200105260001500127260001600142260000900158300001600167300002000183300001000203500000800213170918s9999 xx 000 0 und d a9780545197632 bK845 2010 aKorman, Cordon aTramed / cby Gordon Korman. aNew York : bScholastic, c2010 a234 pages : billustrations ; c19cm. a730